[Event "ACL-A048"]
[Site "www.playchess.de"]
[Date "2001.02.13"]
[Round "29"]
[White "vrad"]
[Black "chrisg"]
[WhiteElo "1571"]
[BlackElo "1717"]
[PlyCount "78"]
[Result "0-1"]

1.e4 c6 2.d4 d5 3.Nd2 dxe4 4.Nxe4 Nd7 5.Nf3 Ngf6 
6.Ng3 e6 7.Bd3 c5 8.O-O Qb6 9.c3 cxd4 10.cxd4 Bd6 
11.Qc2 Nd5 12.a3 N7f6 13.Ne4 Nxe4 14.Bxe4 Nf6 
15.Bd3 Bd7 16.Bg5 Rc8 17.Qe2 Nd5 18.Rac1 Rxc1 
19.Rxc1 f6 20.Be3 Kf7 21.b4 Bc7 22.Bd2 Nf4 23.Bxf4 
Bxf4 24.Rc3 Bc6 25.Be4 Bb5 26.Qc2 g6 27.d5 Bd7 
28.Nd2 f5 29.Bf3 Qa6 30.Nc4 b5 31.Nb2 Be5 32.Re3 
Qd6 33.Rd3 Bxh2+ 34.Kh1 e5 35.Rd1 e4 36.Be2 Be5 
37.Qb3 Qf6 38.Rd2 Qh4+ 39.Qh3 {Sorry for long 
waiting}  Qxf2 {no üproblem, nice to meet you 
again!}  0-1

[Event "ACL-A050"]
[Site "www.playchess.de"]
[Date "2001.02.13"]
[Round "13"]
[White "sazex"]
[Black "BENEVOLENTONE"]
[WhiteElo "1776"]
[BlackElo "1500"]
[PlyCount "77"]
[Result "1-0"]

1.e4 e6 2.d4 d5 3.e5 c5 4.Nf3 c4 5.Be2 b5 6.O-O 
Nc6 7.b3 h6 8.a4 Qb6 9.axb5 Nb4 10.bxc4 dxc4 
11.Bxc4 Ne7 12.c3 Nbd5 13.Bb3 Qc7 14.c4 Nb4 15.Bd2 
Nf5 16.Ra4 Nd3 17.Ba5 Nb2 18.Bxc7 Nxd1 19.Rxd1 Bb7 
20.d5 Bc5 21.Bc2 O-O 22.Bxf5 exf5 23.Bd6 Rfc8 
24.Nd4 Bxd4 25.Rxd4 g5 26.c5 Rce8 27.c6 Bc8 28.b6 
a5 29.b7 Bxb7 30.cxb7 Ra7 31.Rdb4 Ra6 32.b8Q Ra8 
33.Qb7 Rec8 34.Rbc4 Rcf8 35.Bxf8 Rxf8 36.Rc8 Kg7 
37.Rxf8 Kxf8 38.e6 fxe6 39.Rxa5 1-0

[Event "ACL-A062"]
[Site "www.playchess.de"]
[Date "2001.02.13"]
[Round "10"]
[White "ictus"]
[Black "Yogibear"]
[WhiteElo "1500"]
[BlackElo "1749"]
[PlyCount "70"]
[Result "0-1"]

1.e4 c6 2.d4 d5 3.e5 Bf5 4.Nf3 e6 5.Be2 c5 6.Be3 
Nd7 7.c4 dxc4 8.O-O a6 9.Bxc4 b5 10.Bd3 Ne7 
11.dxc5 Bxd3 12.Qxd3 Nd5 13.Nc3 Nxe3 14.Qxe3 Bxc5 
15.Qg5 Qxg5 16.Nxg5 Nxe5 17.Rfe1 Nd3 18.Re2 Rd8 
19.a3 Nxf2 20.Rxf2 Rd2 21.Nge4 Bxf2+ 22.Nxf2 Rxb2 
23.Nfe4 Ke7 24.a4 b4 25.Nd1 Rc2 26.h3 Rd8 27.Nef2 
Rdd2 28.a5 b3 29.Rb1 b2 30.Kh2 e5 31.Kg3 f5 32.Kf3 
g5 33.g4 f4 34.Ke4 Ke6 35.Nd3 Rc4+ 0-1

[Event "ACL-A073"]
[Site "www.playchess.de"]
[Date "2001.02.13"]
[Round "2"]
[White "Winkler"]
[Black "foxzy"]
[WhiteElo "1500"]
[BlackElo "1500"]
[PlyCount "74"]
[Result "0-1"]

1.e4 e5 2.Nf3 Nc6 3.d4 Nf6 4.Nc3 Bb4 5.Qd3 O-O 
6.Be2 d5 7.Bd2 Nxe4 8.Nxe4 dxe4 9.Qxe4 Bxd2+ 
10.Nxd2 Qxd4 11.c3 Qxe4 12.Nxe4 Bf5 13.Bf3 Rad8 
14.O-O b5 15.Rad1 Na5 16.b3 a6 17.Ng3 Be6 18.Rxd8 
Rxd8 19.Rd1 Rxd1+ 20.Bxd1 f6 21.Ne4 Nb7 22.Kf1 c5 
23.f3 c4 24.b4 a5 25.a3 h6 26.Nc5 Nxc5 27.bxc5 Bd5 
28.Ke2 Kf7 29.Bc2 Ke6 30.g4 g5 31.Ke3 Kd7 32.Be4 
Kc6 33.Bxd5+ Kxd5 34.c6 Kxc6 35.Ke4 b4 36.cxb4 
axb4 37.axb4 Kb5 0-1

[Event "ACL-E002"]
[Site "www.playchess.de"]
[Date "2001.02.13"]
[Round "2"]
[White "rht341"]
[Black "Mathemagician"]
[WhiteElo "2112"]
[BlackElo "1730"]
[PlyCount "41"]
[Result "1-0"]

1.d4 Nf6 2.c4 c5 3.d5 b5 4.cxb5 a6 5.e3 Bb7 6.Nc3 
Qa5 7.Bd2 {Hello again!  Great to be playing 
again.}  axb5 {Indeed, it is.}  8.Bxb5 Qb4 9.a3 
Qh4 {That was vicious.}  10.Qb3 {Viscious? Not me! 
How so?}  Ng4 {If I took the pawn instead of Qh4, 
then you win my queen.}  11.g3 {aw shucks, you saw 
that! :)}  Qf6 {You're still winning. Now where 
did I go wrong???}  12.f3 {I'm not sure!}  Ne5 
13.f4 Ng6 {This isn't fair.}  14.Bd3 Nxf4 {You are 
just way too good for poor me.}  15.exf4 Ba6 {Even 
giving up a bishop didn't help that much. I'm 
still under a lot of attack.}  16.Be4 {I hope 
you're right!}  d6 17.Qa4+ Kd8 18.Nb5 {You're 
kidding, right? :)}  Kc8 {About what?}  19.Qa5 
Bxb5 20.Qxa8 Ba6 21.Bc3 1-0

[Event "ACL-E004"]
[Site "www.playchess.de"]
[Date "2001.02.13"]
[Round "18"]
[White "GoodKnight"]
[Black "peze"]
[WhiteElo "2353"]
[BlackElo "1945"]
[PlyCount "54"]
[Result "1/2-1/2"]

1.e4 e5 2.Nf3 Nf6 3.d4 Nxe4 4.Bd3 d5 5.Nxe5 Nd7 
6.Nxd7 Bxd7 7.O-O Qf6 8.Bxe4 {Longest chess move I 
have ever made.}  dxe4 {Yes 6 weeks waiting, 
waiting ...}  9.Nc3 O-O-O 10.Nxe4 Qg6 11.Re1 Re8 
12.Ng3 Rxe1+ 13.Qxe1 Qxc2 14.Bf4 Qg6 15.Qa5 Qb6 
16.Qxb6 axb6 17.Rc1 c6 18.d5 Be7 19.f3 Re8 20.Kf1 
f5 21.Ne2 g5 22.Be3 c5 23.Kf2 Bf6 24.Rc2 f4 25.Bc1 
Bb5 26.g3 fxg3+ 27.hxg3 Rd8 1/2-1/2

[Event "ACL-E007"]
[Site "www.playchess.de"]
[Date "2001.02.13"]
[Round "1"]
[White "Milamber"]
[Black "peze"]
[WhiteElo "2105"]
[BlackElo "1889"]
[PlyCount "101"]
[Result "1-0"]

1.d4 d5 2.c4 e6 3.Nc3 c6 4.Nf3 dxc4 5.Bg5 Nf6 6.e4 
b5 7.e5 h6 8.Bh4 g5 9.Nxg5 hxg5 10.Bxg5 Be7 
11.exf6 Bxf6 12.Bxf6 Qxf6 13.g3 Na6 14.Bg2 Nb4 
15.O-O Rb8 16.Ne4 Qh6 17.h4 Qg7 18.Nc5 Nd5 19.Re1 
a6 20.Re5 Rb6 21.Qd2 Qf6 22.Rae1 Rg8 23.a3 Kf8 
24.Ne4 Qd8 25.Rh5 Rb7 26.Rh7 Ke8 27.Bf3 Re7 28.Nc5 
Rc7 29.Bh5 Qd6 30.Qh6 Qf4 31.Nxe6 Rxg3+ 32.Kf1 
Qxh6 33.Rxh6 Bxe6 34.fxg3 Kd7 35.Kf2 Rb7 36.Bf3 
Rb8 37.Rc1 Rg8 38.Rh5 Nf6 39.Re5 Ng4+ 40.Bxg4 Rxg4 
41.h5 Rxd4 42.h6 Ke7 43.Rh1 Rd8 44.h7 Rh8 45.Rh6 
Kf8 46.Rg5 Bd5 47.Ke3 a5 48.Kd4 b4 49.a4 b3 50.g4 
c3 {Glückwunsch und vielen Dank für das 
interessante Spiel. Aufgabe im nächsten Zug. Gruß 
Peter}  51.Kxc3 {Danke ebenfalls für die Partie 
Gruß Frank}  1-0

[Event "HCL-B148"]
[Site "www.playchess.de"]
[Date "2001.02.13"]
[Round "14"]
[White "BorEl"]
[Black "msmsk"]
[WhiteElo "1490"]
[BlackElo "1566"]
[PlyCount "30"]
[Result "1/2-1/2"]

1.d4 Nf6 2.c4 c5 3.d5 b5 4.cxb5 a6 5.bxa6 Bxa6 
6.Nc3 d6 7.e4 Bxf1 8.Kxf1 g6 9.g3 Bg7 10.Kg2 O-O 
11.h3 Nbd7 12.Nf3 Ra7 13.Bg5 Qa8 14.Re1 Rb8 15.Rb1 
h6 1/2-1/2

[Event "HCL-B148"]
[Site "www.playchess.de"]
[Date "2001.02.13"]
[Round "22"]
[White "sarek"]
[Black "Nils"]
[WhiteElo "1116"]
[BlackElo "1707"]
[PlyCount "26"]
[Result "0-1"]

1.e4 e5 2.Nf3 Nc6 3.Bc4 Nf6 4.Ng5 d5 5.exd5 Nxd5 
6.d4 exd4 7.O-O Be6 8.Re1 Qd6 9.Qf3 Ne5 10.Qe4 
Nxc4 11.Bf4 Nxf4 12.Qxb7 Nb6 13.g3 
Be7 0-1

[Event "HCL-B148"]
[Site "www.playchess.de"]
[Date "2001.02.13"]
[Round "29"]
[White "Gruhni"]
[Black "sarek"]
[WhiteElo "1354"]
[BlackElo "1116"]
[PlyCount "52"]
[Result "0-1"]

1.e4 {Hi!}  e6 2.d4 d5 {hello!}  3.exd5 exd5 4.Nf3 
Bd6 5.Nc3 Nf6 6.Bg5 c6 7.Be2 O-O 8.Kd2 Nbd7 9.Bd3 
Qb6 10.Rb1 h6 11.Be3 Ng4 12.Re1 Nxe3 13.fxe3 Nf6 
14.h3 Bg3 15.Re2 Bd7 16.e4 Bf4+ 17.Ke1 Bg3+ 18.Kf1 
Nh5 19.Nxd5 cxd5 20.exd5 Nf4 21.Re7 Rad8 22.c3 
Nxd5 23.Re2 Nf4 24.Re7 Nxd3 25.Qxd3 Be6 26.Ne5 
Bxe5 0-1

[Event "HCL-A069"]
[Site "www.playchess.de"]
[Date "2001.02.13"]
[Round "10"]
[White "Matti"]
[Black "kondor"]
[WhiteElo "1677"]
[BlackElo "1622"]
[PlyCount "52"]
[Result "0-1"]

1.d4 Nf6 2.c4 c5 3.d5 e6 4.Nc3 exd5 5.cxd5 d6 6.e4 
g6 7.f4 Bg7 8.Nf3 O-O 9.Bd3 Re8 10.O-O a6 11.Bd2 
b5 12.Qc2 Ng4 13.h3 c4 14.hxg4 cxd3 15.Qxd3 Bxg4 
16.Nh2 Bd7 17.Rae1 b4 18.Ne2 {That´s a good move.} 
 Bb5 {Thx :)}  19.Qf3 a5 20.b3 Qe7 21.e5 Nd7 
22.exd6 Qxd6 23.Rf2 Nc5 24.Nc1 Rxe1+ 25.Bxe1 Re8 
26.Bd2 Ne4 0-1

[Event "HCL-A071"]
[Site "www.playchess.de"]
[Date "2001.02.13"]
[Round "1"]
[White "Brent"]
[Black "stud"]
[WhiteElo "1158"]
[BlackElo "1180"]
[PlyCount "49"]
[Result "1-0"]

1.e4 {hey, gl 2 u}  e5 {u 2 brent}  2.Nf3 Nc6 
3.Bc4 Bc5 4.d3 d6 5.Bg5 f6 6.Bxg8 Rxg8 7.Bh4 g5 
8.Bg3 h5 9.h4 g4 10.Nfd2 f5 11.Nc3 f4 12.Bh2 g3 
13.fxg3 fxg3 14.Bg1 Bg4 15.Nf3 Bxf3 16.Qxf3 Bxg1 
17.Qxh5+ Kd7 18.Rxg1 Rh8 19.Qf5+ Ke8 20.Qg6+ Kd7 
21.Qxg3 Qxh4 22.Qxh4 Rxh4 23.O-O-O Rg8 24.Nd5 Rhg4 
25.Nf6+ 1-0

[Event "HCL-C161"]
[Site "www.playchess.de"]
[Date "2001.02.13"]
[Round "15"]
[White "Hefley"]
[Black "man"]
[WhiteElo "1000"]
[BlackElo "1000"]
[PlyCount "43"]
[Result "1-0"]

1.e4 e5 2.Nf3 Nc6 3.Bc4 Nf6 4.d3 Be7 5.Be3 d6 
6.O-O Be6 7.Bxe6 fxe6 8.Nbd2 O-O 9.c3 h6 10.b4 Nh7 
11.Nb3 Bg5 12.b5 Bxe3 13.bxc6 Bg5 14.cxb7 Rb8 
15.Na5 Rf7 16.Nc6 Qe8 17.Nxb8 Qxb8 18.Qa4 Qxb7 
19.Qe8+ Nf8 20.Nxg5 hxg5 21.Rfb1 Qa6 
22.Qb5 1-0

[Event "HCL-C161"]
[Site "www.playchess.de"]
[Date "2001.02.13"]
[Round "19"]
[White "dg"]
[Black "guerino"]
[WhiteElo "1148"]
[BlackElo "1067"]
[PlyCount "51"]
[Result "1-0"]

1.e4 c5 2.Nf3 d6 3.b3 Nc6 4.Bb5 Bd7 5.Bb2 Nf6 6.d3 
e6 7.Nc3 a6 8.Bxc6 Bxc6 9.h3 Be7 10.O-O O-O 11.Re1 
Qc7 12.e5 dxe5 13.Nxe5 b5 14.Nxc6 Qxc6 15.Ne4 Rad8 
16.Bxf6 Bxf6 17.Nxf6+ gxf6 18.Qg4+ Kh8 19.Qh4 Kg7 
20.Re3 e5 21.Rg3+ Kh8 22.Rf3 Rd6 23.Rf5 Rfd8 
24.Rh5 f5 25.Rxh7+ Kg8 26.Rh8+ 1-0

[Event "HCL-B153"]
[Site "www.playchess.de"]
[Date "2001.02.13"]
[Round "3"]
[White "sonali"]
[Black "dgrudny"]
[WhiteElo "1500"]
[BlackElo "1500"]
[PlyCount "48"]
[Result "0-1"]

1.f4 d5 2.d4 e6 3.e3 Nf6 4.Nc3 Bb4 5.Bd2 Bxc3 
6.Bxc3 Ne4 7.Ne2 Qh4+ 8.g3 Qe7 9.Bg2 Nd7 10.Bxe4 
dxe4 11.a3 c5 12.dxc5 Nxc5 13.Bb4 b6 14.Nc3 O-O 
15.Nxe4 Rd8 16.Qf3 Bb7 17.O-O f5 18.Nxc5 Bxf3 
19.Nxe6 Qxe6 20.Rxf3 Rd7 21.h4 Rad8 22.Raf1 R7d1 
23.g4 Rxf1+ 24.Kxf1 Qe4 0-1

[Event "HCL-B162"]
[Site "www.playchess.de"]
[Date "2001.02.13"]
[Round "14"]
[White "iq160"]
[Black "Gruhni"]
[WhiteElo "998"]
[BlackElo "1412"]
[PlyCount "51"]
[Result "1-0"]

1.e3 e5 2.c4 c6 3.Nc3 g6 4.d4 Bg7 5.dxe5 Bxe5 
6.Nf3 Bg7 7.e4 Ne7 8.Qd6 O-O 9.Bg5 f6 10.Bh4 b6 
11.Rd1 a5 12.c5 Ba6 13.Bxa6 Rxa6 14.Na4 Nc8 
15.Qxb8 {die Firma dankt}  b5 16.Nc3 Qe7 17.O-O 
Qxc5 18.Rxd7 {everytime a good time}  Ra7 19.Rfd1 
Rxd7 20.Rxd7 Ne7 21.Qc7 Re8 22.Bg3 Qb4 23.Bd6 {mir 
gefällt's wenn einer s'Maul hält...}  Qxb2 {Mir 
gefällt's nicht, wenn einer als sabbelt :)}  
24.Nd1 {kein Freibier!}  Qe2 {Schade!}  25.Bxe7 
{aber dafür bald schachmatt}  Rxe7 {Ja leider :(}  
26.Qd8+ 1-0

[Event "HCL-B162"]
[Site "www.playchess.de"]
[Date "2001.02.13"]
[Round "17"]
[White "pird"]
[Black "Hamburger"]
[WhiteElo "1498"]
[BlackElo "1200"]
[PlyCount "41"]
[Result "1-0"]

1.e4 c5 2.d4 cxd4 3.c3 dxc3 4.Nxc3 Nc6 5.Nf3 e6 
6.Bc4 Bb4 7.O-O Bxc3 8.bxc3 Nge7 9.Qe2 Ng6 10.Rd1 
Nce5 11.Ba3 Nxf3+ 12.Qxf3 Ne5 13.Qe2 Nxc4 14.Qxc4 
b6 15.Rd2 Bb7 16.Rad1 Bc6 17.R2d6 Rc8 18.R6d3 Qc7 
19.Rg3 g6 20.Bd6 Qb7 21.Qd4 1-0

[Event "HCL-B162"]
[Site "www.playchess.de"]
[Date "2001.02.13"]
[Round "21"]
[White "iq160"]
[Black "Hamburger"]
[WhiteElo "998"]
[BlackElo "1200"]
[PlyCount "21"]
[Result "1-0"]

1.e3 c5 2.c4 Nc6 3.d4 cxd4 4.exd4 e6 5.d5 Bb4+ 
6.Nc3 Ne5 7.Bd2 Qc7 8.a3 Bxc3 9.Bxc3 Nf6 10.d6 
{lahmt der Gaul?}  Qd8 11.Bxe5 1-0

[Event "ACL-A086"]
[Site "www.playchess.de"]
[Date "2001.02.13"]
[Round "4"]
[White "Brent"]
[Black "Vampyr"]
[WhiteElo "1500"]
[BlackElo "1500"]
[PlyCount "28"]
[Result "1/2-1/2"]

1.e4 c5 2.g3 e6 3.Bg2 d5 4.exd5 exd5 5.d4 Be6 
6.Nc3 Nf6 7.Bg5 Be7 8.Nge2 Nc6 9.O-O cxd4 10.Nxd4 
Qb6 {draw?}  11.Nb3 Rd8 12.Bxf6 {i didnt see the 
offer, give it a move or two more then if still 
equal, sure}  Bxf6 13.Nxd5 Bxd5 14.Bxd5 
O-O 1/2-1/2

[Event "ACL-A086"]
[Site "www.playchess.de"]
[Date "2001.02.13"]
[Round "10"]
[White "Vampyr"]
[Black "Smutje"]
[WhiteElo "1500"]
[BlackElo "1147"]
[PlyCount "41"]
[Result "1-0"]

1.e4 e5 2.Nf3 Qf6 3.d4 exd4 4.Bg5 Qb6 5.Qxd4 Bc5 
6.Qxg7 Qxb2 7.Qxb2 f6 8.Bxf6 Nxf6 9.Qxf6 Rf8 
10.Qe5+ Be7 11.Nc3 {I think you should give up.It 
would be fairplay and give me the opportunity to 
play in other tournam}  d6 {give up! because i 
lost my miss! No!}  12.Qh5+ Rf7 13.Bc4 Kd7 14.Qxf7 
{And now?}  c6 {we will look!}  15.Be6+ Kc7 
16.Qxe7+ {play quick please}  Bd7 {ceep cool!}  
17.O-O-O {would finish quicly}  a5 18.Qxd6+ Kb6 
19.Na4+ {play quick}  Ka7 {shut up!}  20.Qc5+ 
{checkmate at the next}  b6 {congratulation!}  
21.Qxb6+ {Thanks}  1-0

[Event "HCL-C165"]
[Site "www.playchess.de"]
[Date "2001.02.13"]
[Round "7"]
[White "ATP"]
[Black "Translightor"]
[WhiteElo "1820"]
[BlackElo "1408"]
[PlyCount "74"]
[Result "1/2-1/2"]

1.e4 {hallo Jürgen- es grüsst Dich Andy, mal 
schaun, ob es hier besser für Dich läuft- viel 
Spass}  c5 {Hallo, Andy! Freut mich, auch hier 
alte Bekannte zu treffen. Viel Spaß bei 
playchess!}  2.f4 {hi, schade nun wollte ich nach 
langer Zeit mal wieder K"gambit mit W spielen, 
trotzdem f4!! andy}  Nc6 {Okay, das nächste Mal 
spiele ich 1.-e5. Erinnere mich bitte daran!}  
3.Nf3 {halb so wild : ) will es hier einfach mal 
entspannter angehen lassen u. einige andere Dinge 
probiere}  e6 {Man spürt schon, dass hier lockerer 
gespielt wird. Trotzdem - die ELO-Auswertung 
motiviert!}  4.Nc3 {meinen Wert 1820 sollte aber 
etwas vernachlässigt werden, bei nur 2 Spielen 
(gewonnen)}  a6 {Ich hatte die erste Partie 
verloren, um mit 732 dann das Feld von hinten 
aufzurollen.}  5.d4 {bin gespannt auf die 
Freechess- Wertung (turnier läuft noch)}  cxd4 
{Auf die bin gar nicht gespannt. Bei mir 
wahrscheinlich unter 1500.}  6.Nxd4 {nimm*s alles 
nicht so ernst  ; )}  Bc5 {Tu ich auch nicht, aber 
so viele Niederlagen wie bei freechess bin ich 
nicht gewohnt.}  7.Nb3 {hatte auch ne 
Niederlagenserie bei Schachspiel, aber die bei 
freechess sind stark!}  Bb6 {Na ja, hier bei 
playchess kann man in Gruppe C leicht einsteigen 
und sehen, wie hoch man kommt.}  8.a3 {aber dabei 
müssen ALLE mitspielen, sonst haut das nicht 
hin-hatte gerade heisse Diskussion mit ander}  d6 
{Denk dran, du hast hier nur 100 Zeichen für Deine 
Messages! Dabei machte mich der Anfang neugierig!} 
 9.Qd3 {so *n Käse hier mit den 100 Z ,da lob ich 
mir Schachspiel.de-zwei Wörter fehlten: anderen 
Spielern}  Nf6 {Und was war nun - hat sich da 
einer beschwert, Du hättest Dich zu niedrig 
eingestuft?}  10.h3 {nein, das ist ok, ging darum, 
dass es unsportlich ist, wenn ein Spieler nicht 
zieht!}  Nh5 {Vielleicht hat er sich die ganze 
Zeit das Foto von carmenE angeschaut?}  11.Kd1 
{*grins* eben erst gesehen- aber das Problem des 
Nichtziehen ist schon lange und überall}  Qh4 
{Problematisch wird es, wenn es die letzte Partie 
und das Turnier nicht abgeschlossen werden kann.}  
12.g4 {solche Leute müssten dauerhaft gesperrt 
werden (sorry)-s. freechess}  Ng3 {Das ist immer 
leicht gesagt und schwer getan. Wo soll man die 
Grenze ziehen?}  13.Rh2 {ja schwierig- hier ist 
die Plattform grösser und unübersichtlicher als 
bei freechess,also lockerer?}  Nxf1 {(Keine 
deutsche Gründlichkeit.) Vor allem 
automatisierter, es gibt keinen Turnierleiter.}  
14.Qxf1 {ist mir ein Rätsel, wenn ich mich für ein 
Turnier 5+1 anmelde und dann keinen Zug tätige!}  
Bd7 {Entweder ein schlechtes Gedächtnis oder 
Enttäuschung, weil carmenE nicht in der Gruppe ist 
;-)}  15.Qe1 {wow! das Bild ist aber schon arg 
heftig : - > verursacht best. irgendwann *nen 
"busy Server" : )}  Qxe1+ {Mal abwarten, ob sie 
nach ihrem Spielstil nicht besser "Fritz Elektra" 
heißen sollte.}  16.Kxe1 {*schmunzel* mal schaun, 
wie*s bei mir läuft, habe wieder mal meine "alte 
Liebe" : B01  Skandi}  Rc8 {Ich versuche sie mit 
1.e4 c5 2.Sf3 Sf6 in eine unbekannte "Stellung" zu 
bringen :)}  17.Ne2 {Nimzo/Rubinstein-Var. auch 
nicht einfacher, als die anderen, aber es kann 
ruhig experimentiert werde}  f6 {M.E. kein 
Experiment, sondern vollwertige Alternative, und 
im Nahschach gut geeignet f. Theoriefaule}  18.Bd2 
{ok, das geht,meinte Extravagantes,zB. b4 kannst 
du kaum bei ACL,u. schon gar nicht bei freechess 
spi}  Ne7 {Dafür triffst du hier auf Leute, die 
Neuerungen wie 1.e4 e5 2.Sf3 Ld6 bringen.}  19.Bc3 
{das ist immer noch besser, als mit a4!? zu 
eröffnen! (f4!? / g4!? / h4?)}  d5 {a4 und h4 sind 
Standarderöffnungen bei itsyourturn.}  20.Nd2 {nun 
ja, interessant sind auch die Züge 1. d3 u. e3 
(damit kannst du Comp. ärgern)}  Bc6 {Schlimmer 
sind die geisteskranken Typen, denen es Spaß 
macht, andere Leute zu beleidigen.}  21.Bd4 {du 
meinst verbal- da gab*s einen Wahnsinnigen bei 
Schachspiel.de,der nun hier spielt...}  Bc7 {Ich 
habe hier einen, der fragt im 3. Zug nach meinem 
Alter, kurzes Gelaber und dann: ...}  22.e5 
{tja,das kommt in langer FS-aktivität immer mal 
wieder vor,Rezept dagegen kann ich dir auch 
nichtgebe}  fxe5 {6. Zug: "Shut up." 7. Zug: "Go 
to hell." 8. Zug: "Fuck you!!!" Krass, was?}  
23.Bxe5 {erinnert mich an den besagten 
Wahnsinnigen-muss jeder selber sehen,ob er sich 
beleidigt fühlt}  Bxe5 {Ich schrieb ihm: "I put 
you on the Ignore list" und warte weitere 
Steigerungen ab.}  24.fxe5 {im schlimmsten Fall 
*disconnect*! Muss sich keiner bieten lassen-habe 
keinerlei Verpflichtungen! ; )}  Ng6 {Gottseidank 
spielt er so schwach, dass es im 20. Zug 
eigentlich überstanden sein sollte.}  25.Nf3 {nun 
ja,14 J. scheint wohl korrekt-beachte ihn einfach 
nicht-indiesem Fall bloss keineGegenkommentare}  
Rf8 {Aus dem Alter sind wir raus, dass wir solche 
Sprüche nötig haben!}  26.Ned4 {manche wollen nur 
quatschen (weniger spielen) und da gilt es, die 
richtige Taktik anzuwenden...}  Bd7 {Erinnert mich 
dann an Hooligans, denen Fußball die 
Rahmenhandlung für ihre Aktivitäten bietet.}  
27.Rd1 {wie schon gesagt, wenns ganz hart kommt, 
nix reinschreiben, schweigen-hab ich schon oft 
erlebt}  Ke7 {Er hat mich jetzt auch auf seine 
Ignore-List gesetzt. Soll mir auch recht sein...}  
28.Rf2 {...das Schweigen im Walde, ich konnte mir 
den Mund fusselig reden, nicht eine Silbe vom 
Gegner}  Rf4 {Manche treiben den Datenschutz so 
weit, dass sie nicht mal ihre Nationalität 
verraten.}  29.Rd3 {ja, wenn einer gar nix von 
sich preis gibt, find ich das albern}  Rcf8 {Jetzt 
was Unschachliches: Mein Magen macht 
Winterschlussverkauf - alles muss raus!}  30.Rb3 
{was anderes,aber schachliches:bei itsyourturn 
2Nieten u.ein starker Spieler}  b5 {Ja, bei IYT 
hole sogar ich über 80 %, aber viele kampflose, 
d.h. ZÜ}  31.Re3 {gefällt mir nicht dort, werde 
nichts neues beginnen,spiele bei freechess weiter} 
 a5 {Bei mir bleibt playchess jetzt vorne, auch 
wenn es schon wieder einen Ausfall gab.}  32.Rfe2 
{Dir ein angenehmes WE! gruss andy}  h6 {Danke, 
Dir auch. Ich komme Dir übrigens etwas näher, weil 
ich eine alte Freundin in Berlin besuche.}  33.c3 
{i. A. rückst du mir hier auf dem Brett viel zu 
nahe *g*}  Rc8 {Dies}  34.Rg2 {was macht dein 
"Special-friend"- ist er schon platt? andy}  Rc4 
{Nee. Er betreibt das Ignorieren jetzt konsequent 
und zieht nicht mehr.}  35.b3 {das wär ja feige ; 
)  Abwarten}  Rc8 {Danke jedenfalls für Deine 
moralische Unterstützung!}  36.g5 {ja,man hilft wo 
man kann ; ) unangenehm ist,wenn du mehrere Spiele 
geg.den Irren zu laufen hast : ||}  h5 {Kann mir 
nicht passieren! Morgen steige ich in B auf 
(C138), wohin Du mir folgen wirst, aber ER nich}  
37.Kd2 {noch nicht, aber mit einem anderen Nick 
bin ich schon in B : ) see you}  Rcf8 {Dann machen 
wir mal Remis, damit ich mich auf die Partien mit 
Deinem alter ego konzentrieren kann!} 
 1/2-1/2